Problémy uplatnenia žien - matiek na trhu práce

Postavenie a možnosti uplatnenia žien – matiek na trhu práce. Faktory, ktoré ovplyvňujú ich uplatnenie na trhu práce a v spoločnosti. Možnosti uplatnenia takýchto žien na trhu práce a zhodnotenie situácie na Slovensku.

Gespeichert in:
Bibliographische Detailangaben
1. Verfasser: Vlková, Eva
Format: Buchkapitel
Sprache:Slowakisch
Schlagworte:
Tags: Tag hinzufügen
Keine Tags, Fügen Sie das erste Tag hinzu!

MARC

LEADER 00000naa a2200000 4500
001 0144364
005 20231207072440.0
041 0 |a slo 
044 |a SK 
245 1 0 |a Problémy uplatnenia žien - matiek na trhu práce  |c Eva Vlková 
520 |a Postavenie a možnosti uplatnenia žien – matiek na trhu práce. Faktory, ktoré ovplyvňujú ich uplatnenie na trhu práce a v spoločnosti. Možnosti uplatnenia takýchto žien na trhu práce a zhodnotenie situácie na Slovensku. 
610 2 0 |a trh práce 
610 2 0 |a ženy 
610 2 0 |a diskriminácia 
610 2 0 |a kariéra 
610 2 0 |a motivácia 
610 2 0 |a rodina 
100 1 |a Vlková, Eva